000 00372pam a2200157 4500
001 2346
005 20250603152335.0
008 811102s1981 nyu 001 1 eng
010 _a 81018792
020 _a0393951782
022 _a393300560
245 0 4 _aThe mismeasure of man:
260 _aNew York :
_bNorton,
_cn.d
300 _a345 p. ;
_c23 cm.
942 _2ddc
_cMAIN
999 _c10298
_d10299